[Event "San Pedro de Macoris zt"]
[Site "San Pedro de Macoris"]
[Date "2021.11.09"]
[Round "2"]
[White "Zilleruelo Irizarry, Diego"]
[Black "Christie, Joshua"]
[Result "0-1"]
[WhiteElo "2069"]
[BlackElo "2206"]
[PlyCount "112"]
[EventDate "2021.11.08"]
[EventType "swiss"]
[EventRounds "9"]
[EventCountry "DOM"]
[SourceTitle "EXT 2023"]
[Source "ChessBase"]
[SourceDate "2022.10.05"]
[SourceVersion "1"]
[SourceVersionDate "2022.10.05"]
[SourceQuality "1"]

1. e4 e6 2. d4 d5 3. Nd2 c5 4. exd5 Qxd5 5. Ngf3 cxd4 6. Bc4 Qd6 7. 0-0 Nf6 8. Nb3 Nc6 9. Nfxd4 Nxd4 10. Qxd4 Qxd4 11. Nxd4 Bc5 12. Nb5 Ke7 13. b4 Bb6 14. a4 a6 15. Na3 Bd7 16. b5 axb5 17. Nxb5 Rhc8 18. Ba3+ Bc5 19. Bxc5+ Rxc5 20. Bd3 Nd5 21. Rfb1 f5 22. Nd4 Ra7 23. g3 g5 24. Rb3 g4 25. Rab1 Bc8 26. Rb5 Rxb5 27. axb5 Nc3 28. b6 Ra4 29. Rb3 Ra1+ 30. Kg2 Na4 31. Rb4 Nc5 32. Rc4 Nxd3 33. cxd3 Kd8 34. f3 e5 35. Nb5 Bd7 36. Nd6 Ra2+ 37. Kf1 gxf3 38. Nf7+ Ke7 39. Nxe5 Bb5 40. Rb4 Ba6 41. Rb3 f2 42. Nc6+ bxc6 43. b7 Bxd3+ 44. Rxd3 Rb2 45. Rc3 Kd6 46. Rf3 Rxb7 47. Rxf5 c5 48. Rxf2 c4 49. g4 Kd5 50. Rd2+ Kc5 51. Ke1 c3 52. Rc2 Kc4 53. Kd1 Kd3 54. Kc1 Ra7 55. Kb1 Ra1+ 56. Kxa1 Kxc2 0-1

[Event "Online Olym Div2 E"]
[Site "Chess.com INT"]
[Date "2021.09.02"]
[Round "2.2"]
[White "Mieles Palau, Daniel Alberto"]
[Black "Christie, Joshua"]
[Result "1-0"]
[WhiteElo "2364"]
[BlackElo "2206"]
[PlyCount "177"]
[EventDate "2021.09.02"]
[EventType "team (rapid)"]
[EventRounds "9"]
[EventCountry "USA"]
[SourceTitle "CBM 204 Extra"]
[Source "ChessBase"]
[SourceDate "2021.11.30"]
[SourceVersion "1"]
[SourceVersionDate "2021.11.30"]
[SourceQuality "1"]
[WhiteTeam "Ecuador"]
[BlackTeam "Jamaica"]
[WhiteTeamCountry "ECU"]
[BlackTeamCountry "JAM"]

1. c4 c5 2. Nc3 Nc6 3. g3 g6 4. Bg2 Bg7 5. Nf3 e5 6. a3 a5 7. 0-0 Nge7 8. Ne1 d6 9. Nc2 0-0 10. Rb1 Be6 11. Ne3 Rb8 12. d3 h6 13. Ned5 Kh7 14. Bd2 Qd7 15. b4 cxb4 16. axb4 Nxb4 17. Nxb4 axb4 18. Rxb4 d5 19. cxd5 Nxd5 20. Nxd5 Bxd5 21. Bxd5 Qxd5 22. Qb1 b5 23. Rc1 Rb7 24. Be3 Rfb8 25. Rc5 Qd7 26. h4 h5 27. Qb3 Qe8 28. Qb2 Qe7 29. Rcxb5 Qxb4 30. Qxb4 Rxb5 31. Qe7 R5b7 32. Qd6 Re8 33. Kg2 Re6 34. Qd5 Rc7 35. f3 Ree7 36. g4 f5 37. gxf5 gxf5 38. Bg5 Rf7 39. Kf2 Rcd7 40. Qc6 Rc7 41. Qa8 Rcd7 42. Qe8 Rc7 43. Qe6 Rcd7 44. f4 exf4 45. Kf3 Rc7 46. Qe8 Rcd7 47. Kg2 Rc7 48. Kf2 Rcd7 49. Kf3 Rc7 50. Qe6 Rcd7 51. d4 Bxd4 52. Qh6+ Kg8 53. Qxh5 Rd6 54. Bxf4 Re6 55. Qg5+ Bg7 56. e3 Kh7 57. Qh5+ Kg8 58. Kf2 Ra6 59. Qe2 Rfa7 60. Qc4+ Kh7 61. h5 Rf6 62. Bg5 Rd6 63. Qc8 Rf7 64. Qe8 Rdd7 65. Qe6 Rb7 66. Qg6+ Kh8 67. h6 Be5 68. Qe6 Bb2 69. Kg3 Kh7 70. Kh4 Kh8 71. Kh5 Kh7 72. Qg6+ Kh8 73. Qc6 Kh7 74. Qc2 Be5 75. Qc6 Bb2 76. Bf4 Ba1 77. Qg6+ Kh8 78. Qe6 Kh7 79. Bg5 Bb2 80. Qc8 Ba1 81. Qc4 Bb2 82. Qd3 Ba1 83. e4 fxe4 84. Qxe4+ Kh8 85. Kg6 Rg7+ 86. hxg7+ Rxg7+ 87. Kh5 Rh7+ 88. Kg6 Rg7+ 89. Kh6 1-0